Adaptations II: Books That Became Movies Quiz Stats

 Plays Quiz Updated Mar 8, 2019

Score 0/30 Timer 12:00
2 Plays Today
Author (Year) Title % Correct
Dan Brown (2003)The Da Vinci Code
88.7%
Stephenie Meyer (2005)Twilight
83.4%
Michael Crichton (1990)Jurassic Park
62.3%
Herman Melville (1851)Moby-Dick
57.6%
Joseph Heller (1961)Catch-22
44.2%
Vladimir Nabokov (1955)Lolita
40.4%
Tom Clancy (1984)The Hunt for Red October
38.8%
Ian Fleming (1958)Dr. No
38.5%
John Grisham (1991)The Firm
36%
Ken Kesey (1962)One Flew Over the Cuckoo's Nest
35.3%
Agatha Christie (1934)Murder on the Orient Express
34.3%
Thomas Harris (1988)The Silence of the Lambs
32.9%
Charles Portis (1968)True Grit
32.4%
Truman Capote (1958)Breakfast at Tiffany's
29.6%
Daphne du Maurier (1938)Rebecca
28.7%
Author (Year) Title % Correct
Robert Ludlum (1980)The Bourne Identity
28.3%
Helen Fielding (1996)Bridget Jones's Diary
25.9%
Boris Pasternak (1957)Doctor Zhivago
22.9%
Dennis Lehane (2001)Mystic River
22.8%
Nick Hornby (1995)High Fidelity
22.6%
Umberto Eco (1980)The Name of the Rose
19.2%
William Peter Blatty (1971)The Exorcist
19.1%
John Irving (1985)The Cider House Rules
18.5%
E.M. Forster (1908)A Room With a View
16.8%
Edith Wharton (1920)The Age of Innocence
15.6%
John le Carré (1963)The Spy Who Came in from the Cold
13.7%
Lauren Weisberger (2003)The Devil Wears Prada
13.2%
Stephen King (1979)The Dead Zone
7.9%
Dashiell Hammett (1934)The Thin Man
6.5%
Jim Thompson (1959)The Getaway
2.6%

You're not logged in!

Compare scores with friends on all Sporcle quizzes.
OR
Log In

Show Comments

Extras

Top Quizzes Today


Score Distribution

Your Account Isn't Verified!

In order to create a playlist on Sporcle, you need to verify the email address you used during registration. Go to your Sporcle Settings to finish the process.

Report this User

Report this user for behavior that violates our Community Guidelines.

Details: